Statistiken für Regionen Frankreichs

Klicken Sie hier um das Quiz zu spielen!

Allgemein

  • Dieses Quiz wurde 102 mal gespielt
  • Das Durchschnittsergebnis liegt bei 10 aus 18

Antwortstatistiken

HauptortRegion% Korrekt
RennesBretagne
92%
StraßburgGrand Est
90%
MarseilleProvence-Alpes-Côte d'Azur
84%
RouenNormandie
82%
Ajaccio (Sonderstatus)Korsika
70%
ParisÎle-de-France
68%
LyonAuvergne-Rhône-Alpes
51%
ToulouseOkzitanien
51%
LilleHauts-de-France
44%
Fort-de-FranceMartinique
44%
Saint-DenisRéunion
42%
DijonBourgogne-Franche-Comté
41%
CayenneFranzösisch-Guayana
40%
Basse-TerreGuadeloupe
40%
BordeauxNouvelle-Aquitaine
37%
NantesPays de la Loire
34%
MamoudzouMayotte
23%
OrléansCentre-Val de Loire
19%

Verteilung der Resultate

Perzentil nach korrekt beantworteten Fragen

Anzahl Personen mit jedem Resultat

Ihre Resultats-Entwicklung

Sie haben dieses Quiz noch nicht gespielt